Vplyv orientácie CAD modelu pri metóde FDM na rozmerovú a tvarovú presnosť súčiastky
Guardado en:
| Autor principal: | |
|---|---|
| Otros Autores: | |
| Formato: | Manuscrito Libro |
| Lenguaje: | eslovaco |
| Publicado: |
2016
|
| Materias: | |
| Acceso en línea: | http://is.stuba.sk/zp/portal_zp.pl?podrobnosti=107709 |
| Etiquetas: |
Sin Etiquetas, Sea el primero en etiquetar este registro!
|
MARC
| LEADER | 00000ntm a22000003a 4500 | ||
|---|---|---|---|
| 001 | stuzp56279 | ||
| 003 | SK-STU | ||
| 005 | 20160719154943.8 | ||
| 007 | ta | ||
| 008 | 150427s2015----xo-----f-mn---000-0-slo-d | ||
| 040 | |a STU |b slo | ||
| 041 | 0 | |a slo | |
| 100 | 1 | |a Vittek, Marek |u 063000 |4 aut |U MTF Materiálovotechnologická fakulta |T MTF Ústav výrobných technológií |X 53699 |U M3000 |Y 83 |7 53699 | |
| 242 | 0 | 1 | |a Influence of CAD orientation in the process of Rapid Prototyping on geometrical and dimensional accuracy of components |y eng |
| 245 | 1 | 0 | |a Vplyv orientácie CAD modelu pri metóde FDM na rozmerovú a tvarovú presnosť súčiastky |
| 260 | |c 2016 | ||
| 650 | 4 | |a Rapid Prototyping |2 slo | |
| 650 | 4 | |a Fused Deposition Modeling |2 slo | |
| 650 | 4 | |a vplyv orientácie |2 slo | |
| 650 | 4 | |a 3D tlač |2 slo | |
| 650 | 4 | |a 3D optické skenovanie |2 slo | |
| 650 | 4 | |a GOM Inspect |2 slo | |
| 650 | 4 | |a Rapid Prototyping |2 eng | |
| 650 | 4 | |a Fused Deposition Modeling |2 eng | |
| 650 | 4 | |a part orientation |2 eng | |
| 650 | 4 | |a 3D printing |2 eng | |
| 650 | 4 | |a 3D optical scanning |2 eng | |
| 650 | 4 | |a GOM Inspect |2 eng | |
| 700 | 1 | |a Morovič, Ladislav |u 063600 |k Z1 |4 ths |U MTF Ústav výrobných technológií |T MTF Katedra obrábania a tvárnenia |X 38280 |U M3600 |Y 841 |7 A000038280 | |
| 856 | 4 | |u http://is.stuba.sk/zp/portal_zp.pl?podrobnosti=107709 | |
| 996 | |c M* BP-7718 |l MMSKP |s P |a 0 |w stuzp56279_0001 | ||
| SQL | |a stuzp56279 |b DBP |c SLO |d Vplyv orientácie CAD modelu pri metóde FDM na rozmerovú a tvarovú presnosť súčiastky |e 53699 |f Vittek, Marek |g 063000 |h 38280 |i Morovič, Ladislav |j 20160620 |k 174 |l 06 |m http://is.stuba.sk/zp/portal_zp.pl?podrobnosti=107709 |n B-PPT |o 5.2.51. výrobné technológie | ||